000 01399cam a2200241 4500
001 ABS66979
008 030814n2003 000 0 eng u
035 _a(Sirsi) u123272
245 _aOffshore wind energy development: the challenges for English law
260 _c2003
490 _aJournal of Planning and Environment Law
_vJuly 2003, 939-964(25)
520 _aAddresses the legislative deficit facing UK offshore wind farm development seaward of territorial waters and other legal challenges under English and Welsh law surrounding the development of wind farms at sea. Deals only with the issues leading up to and surrounding erection of wind farm structures at sea and not with other aspects of offshore wind farm developments with an emphasis upon domestic law. Recognises that a multi-disciplinary legal approach is essential to ensure the success of off-shore wind energy development off the UK combining an awareness of relevant public international and European Community law with that of key domestic law. Annotations and references.
590 _aABS
650 _aWIND FARMS
650 _aWIND ENERGY
650 _aRENEWABLE ENERGY SOURCES
650 _aTERRITORIAL WATERS
650 _aOFFSHORE WIND POWER
650 _aENVIRONMENTAL IMPACT ASSESSMENTS
650 _aTRANSPORT AND WORKS ACT 1992
690 _aENVIRONMENTAL AND LAND CONSULTANCY-ENERGY
942 _n0
999 _c73222
_d73222